000 01194nam0a2200325 4500
001 RU\NLR\bibl\31773
005 20250615022736.0
010 _a5-88405-002-X
021 _aRU
_b98-37745
_91809
035 _a(NLR Aleph) 000030955
090 _a154830
_c154830
100 _a19990607d1998 |||y0rusy50 ca
101 0 _arus
102 _aRU
105 _a|||||||||||||
200 1 _aСинхронные цифровые сети SDH
_fСлепов Н.Н.
205 _a3-е изд., исправл.
210 _aМ.
_cЭко-Трендз
_d1998
215 _a[3], 148 c.
_cил.
_d29
225 1 _aТехнологии электронных коммуникаций
_eИнженерная энциклопедия
320 _aБиблиогр.: с. 145-148
606 0 _aSDH, синхронная цифровая иерархия
_92279699
_3RU\NLR\auth\661365906
686 _aЗ889.79
700 1 _aСлепов
_bН. Н.
_gНиколай Николаевич
_4070
801 0 _aRU
_bNLR
_c19990607
_gPSBO
801 1 _aRU
_bNLR
_c19990607
852 _aNLR
_j99-8/654
942 _cBOOK
980 _aNB